Nessuno (Record n. 99298)
[ formato base ]
| 000 -LEADER | |
|---|---|
| fixed length control field | 02355njm a2200433Ia 4500 |
| 001 - CONTROL NUMBER | |
| control field | F2140 |
| 003 - CONTROL NUMBER IDENTIFIER | |
| control field | IT-RoPAU |
| 005 - DATE AND TIME OF LATEST TRANSACTION | |
| control field | 20220918181115.0 |
| 008 - FIXED-LENGTH DATA ELEMENTS--GENERAL INFORMATION | |
| fixed length control field | 131025s9999 xx 000 0 und d |
| 040 ## - CATALOGING SOURCE | |
| Original cataloging agency | IT-RoPAU |
| 040 ## - CATALOGING SOURCE | |
| Transcribing agency | IT-RoPAU |
| 041 ## - LANGUAGE CODE | |
| Language code of text/sound track or separate title | ITALIANO |
| 999 ## - SYSTEM CONTROL NUMBERS (KOHA) | |
| Koha Dewey Subclass [OBSOLETE] | n.d. |
| 100 ## - MAIN ENTRY--PERSONAL NAME | |
| Personal name | AA.VV. |
| 9 (RLIN) | 794 |
| 100 ## - MAIN ENTRY--PERSONAL NAME | |
| Relator term | Autore musica |
| 9 (RLIN) | 32475 |
| 100 ## - MAIN ENTRY--PERSONAL NAME | |
| Miscellaneous information | Codice autore musica SPICS: 12000 |
| 9 (RLIN) | 796 |
| 245 ## - TITLE STATEMENT | |
| Title | Nessuno |
| 250 ## - EDITION STATEMENT | |
| Edition statement | 1a ed. |
| 260 ## - PUBLICATION, DISTRIBUTION, ETC. (IMPRINT) | |
| Place of publication, distribution, etc. | ITALIA |
| 260 ## - PUBLICATION, DISTRIBUTION, ETC. (IMPRINT) | |
| Name of publisher, distributor, etc. | BMG RICORDI |
| Date of publication, distribution, etc. | 1998 [1a Ed.:1998 - Ed. Lingua Orig.: 1998] |
| 300 ## - PHYSICAL DESCRIPTION | |
| Extent | COMPACT DISC |
| 300 ## - PHYSICAL DESCRIPTION | |
| Dimensions | 62 minuti (Testo: 0 pag.) |
| 500 ## - GENERAL NOTE | |
| General note | Musica rap. Testo della canzone "Nessuno". |
| 505 ## - FORMATTED CONTENTS NOTE | |
| Formatted contents note | Il parto (8:00) - La rinascita (6:00) - La fidanzata (4:00) - Buon sangue non mente (5:00) - Non so cos'è (4:00) - Davanti alla tv (4:00) - Nessuno (5:00) - Per Sabino (2:00) - Dall'altra parte della strada (5:00) - Venerdi (5:00) - La frase (2:00) - Vai bello (4:00) - Scacco matto (9:00) - Aria (4:00) - Come uno su mille (5:00) - Non c'è sveglia (4:00) - Come una pietra scalciata (5:00) - Il mondo dove vivo (4:00) |
| 650 ## - SUBJECT ADDED ENTRY--TOPICAL TERM | |
| Topical term or geographic name as entry element | RAP [COMPACT DISC] |
| Relator term | Codice MATERIA SPICS: 9949 |
| 9 (RLIN) | 32476 |
| 700 ## - ADDED ENTRY--PERSONAL NAME | |
| Personal name | Articolo 31 |
| Miscellaneous information | Codice interprete SPICS: 50655 |
| Relator term | Interprete |
| 9 (RLIN) | 32477 |
| 700 ## - ADDED ENTRY--PERSONAL NAME | |
| Personal name | Aleotti A. |
| Miscellaneous information | Codice autore musica SPICS: 50656 |
| Relator code | Autore musica |
| 9 (RLIN) | 32478 |
| 700 ## - ADDED ENTRY--PERSONAL NAME | |
| Personal name | Perrini V. |
| Miscellaneous information | Codice autore SPICS: 50657 |
| Relator term | Autore |
| 9 (RLIN) | 32479 |
| 700 ## - ADDED ENTRY--PERSONAL NAME | |
| Personal name | Gullmar |
| Miscellaneous information | Codice autore testo/musica SPICS: 22528 |
| Relator term | Autore testo/musica |
| Name of part/section of a work | La fidanzata |
| 9 (RLIN) | 32480 |
| 700 ## - ADDED ENTRY--PERSONAL NAME | |
| Personal name | Arbelo Rosana |
| Miscellaneous information | Codice autore SPICS: 49671 |
| Relator term | Autore |
| Name of part/section of a work | Non so cos'è |
| 9 (RLIN) | 32481 |
| 700 ## - ADDED ENTRY--PERSONAL NAME | |
| Personal name | Godi G. |
| Miscellaneous information | odice autore testo/musica SPICS: 50658 |
| Relator term | Autore testo/musica |
| Name of part/section of a work | Per Sabino - Dall'altra parte della strada |
| 9 (RLIN) | 32482 |
| 700 ## - ADDED ENTRY--PERSONAL NAME | |
| Personal name | Busnaghi E. |
| Miscellaneous information | Codice autore testo/musica SPICS: 50659 |
| Relator term | Autore testo/musica |
| Name of part/section of a work | Vai bello |
| 9 (RLIN) | 32483 |
| 700 ## - ADDED ENTRY--PERSONAL NAME | |
| Personal name | Alexander J. |
| Miscellaneous information | Codice autore musica SPICS: 24565 |
| Relator term | Autore musica |
| Name of part/section of a work | Scacco matto |
| 9 (RLIN) | 32484 |
| 700 ## - ADDED ENTRY--PERSONAL NAME | |
| Personal name | Mogol (Rapetti Giulio) |
| Miscellaneous information | Codice autore SPICS: 13643 |
| Relator term | Autore |
| Name of part/section of a work | Aria |
| 9 (RLIN) | 32485 |
| 700 ## - ADDED ENTRY--PERSONAL NAME | |
| Personal name | Migliacci Franco |
| Miscellaneous information | Codice autore SPICS: 13653 |
| Relator term | Autore |
| Name of part/section of a work | Come uno su mille |
| 9 (RLIN) | 32486 |
| 700 ## - ADDED ENTRY--PERSONAL NAME | |
| Personal name | Dylan Bob |
| Miscellaneous information | Codice autore musica SPICS: 7026 |
| Relator term | Autore musica |
| Name of part/section of a work | Come una pietra scalciata |
| 9 (RLIN) | 32487 |
| 700 ## - ADDED ENTRY--PERSONAL NAME | |
| Personal name | Morricone Ennio |
| Miscellaneous information | Codice autore SPICS: 3535 |
| Relator term | Autore |
| Name of part/section of a work | Il mondo dove vivo |
| 9 (RLIN) | 32488 |
| 942 ## - ADDED ENTRY ELEMENTS (KOHA) | |
| Koha item type | CD AUDIO |
| Source of classification or shelving scheme | Dewey Decimal Classification |
| Withdrawn status | Lost status | Damaged status | Not for loan | Home library | Current library | Date acquired | Total Checkouts | Full call number | Date last seen | Price effective from | Koha item type | Public note |
|---|---|---|---|---|---|---|---|---|---|---|---|---|
| Buone Condizioni | Not For Loan | SPICS-MEDIATECA | SPICS-MEDIATECA | 25/10/2013 | F2140 | 25/10/2013 | 25/10/2013 | CD AUDIO | Progr. Ins.: 22421 / N.Vol.: 1 / Copie: 1 - Copia rara: n.d. / date import: 01.01.2014 - By Epidotti, Trombetti, Vaglietti |